|
003 -Nazwa inst., której nr kontr. jest w polu 001 [,]
|
-
- @
- Nazwa instytucji, której n kontrolny jest w polu 001
- NUKAT
|
|
005 -DATA I CZAS OSTATNIEJ MODYFIKACJI [,]
|
-
- @
- pole kontrolne
- 20241231094405.0
|
|
020 -Międzynarod. znormalizowany nr książki - ISBN [ , ]
|
-
- a
- Numer ISBN
- 9788375531817
|
|
040 -Instytucja sporządzająca opis [ , ]
|
-
- a
- Instytucja, która sporządziła opis (NP)
- Ł U/GS
-
- c
- Instytucja, która sporządziła rekord (NP)
- Ł U/GS
-
- d
- Instytucja, która zmodyfikowała rekord (P)
- Ł U/ek
-
- d
- Instytucja, która zmodyfikowała rekord (P)
- GD U/Izas
-
- d
- Instytucja, która zmodyfikowała rekord (P)
- BSTOK 010/TChs
-
- d
- Instytucja, która zmodyfikowała rekord (P)
- WA 392/MD
|
|
942 -Rodzaj dokumentu [ , ]
|
-
- c
- Rodzaj dokumentu
- Książka
|
|
245 -Strefa tytułu i oznaczenia odpowiedzialności [1,0]
|
-
- a
- Tytuł
- Wygaszanie Polski :
-
- b
- Ciąg dalszy tytułu (NP)
- 1989-2015 /
-
- c
- Pozostałe elementy strefy tytułu i oznaczenia odpowiedzialności (NP)
- Adam Bujak, Bogdan Chazan, Piotr Gliński, Marek Gróbarczyk, Andrzej Jaworski, Janusz Kawecki, Jerzy Kłosiński, Grzegorz Kwaśniak, Antoni Macierewicz, Krzysztof Masłoń, Piotr Naimski, Andrzej Nowak, Dariusz Oko, Wojciech Reszczyński, Marek Sitarz, Leszek Sosnowski, Temida Stankiewicz-Podhorecka, Krzysztof Szczerski, Janusz Szewczak, Jan Szyszko, Artur Śliwiński.
|
|
260 -Strefa adresu wydawniczego [ , ]
|
-
- a
- Miejsce wydania (P)
- Kraków :
-
- b
- Nazwa wydawcy (P)
- Biały Kruk,
-
|
|
300 -Strefa opisu fizycznego [ , ]
|
-
- a
- Określenie formy książki i/lub objętość (NP)
- 231, [1] s. :
-
- b
- Oznaczenie ilustracji (NP)
- il. kolor. ;
-
|
|
336 -Typ zawartości [ , ]
|
-
- a
- Termin opisujący typ zawartości
- Tekst
-
- b
- Kod określający zawartość
- txt
-
- 2
- Źródło (terminu i kodu)
- rdacontent
|
|
337 -Typ mediów [ , ]
|
-
- a
- Tryb odtwarzania
- Bez urządzenia pośredniczącego
-
-
- 2
- Źródło (terminu i kodu)
- rdamedia
|
|
338 -Typ/rodzaj nośnika [ , ]
|
-
- a
- Hasło opisujące typ nośnika
- Wolumin
-
-
- 2
- Źródło (terminu i kodu)
- rdacarrier
|
|
380 -Deskryptor - Forma dzieła (P) [ , ]
|
-
- a
- forma dzieła (NP)
- Literatura faktu, eseje, publicystyka
|
|
386 -Deskryptor - przynależność kulturowa (P) [ , ]
|
-
- m
- Wyrażenie wprowadzające (NP)
- Przynależność kulturowa
-
- a
- Przynależność kulturowa (NP)
- Literatura polska
|
|
388 -Deskryptor - czas powstania dzieła (P) [1, ]
|
-
- a
- Czas powstania dzieła (NP)
- 2001-
|
|
650 -Hasło przedmiotowe [ ,7]
|
-
- a
- Hasło przedmiotowe
- Społeczeństwo obywatelskie
-
- z
- Określnik geograficzny
- Polska
-
- y
- Określnik chronologiczny
- 1990-.
-
-
|
|
650 -Hasło przedmiotowe [ ,7]
|
-
- a
- Hasło przedmiotowe
- Kościół i społeczeństwo
-
- y
- Określnik chronologiczny
- 1990-.
-
-
|
|
650 -Hasło przedmiotowe [ ,7]
|
-
- a
- Hasło przedmiotowe
- Kościół i państwo
-
- y
- Określnik chronologiczny
- 1990-.
-
-
|
|
651 -Hasło przedmiotowe w formie nazwy geograficznej [ ,7]
|
-
- a
- Nazwa geograficzna
- Polska
-
- y
- Określnik chronologiczny
- 1989- (III Rzeczpospolita).
-
-
|
|
651 -Hasło przedmiotowe w formie nazwy geograficznej [ ,7]
|
-
- a
- Nazwa geograficzna
- Polska
-
-
|
|
655 -Hasło w funkcji tematu formalnego [ ,7]
|
-
-
-
|
|
658 -Ujęcie treści [ , ]
|
-
- a
- dziedzina nauki i sztuki/ sfera aktywności życiowej
- Historia
|
|
700 -Hasło dodatkowe - nazwa osobowa [1, ]
|
-
- a
- Nazwa osobowa (NP)
- Chazan, Bogdan
-
- d
- Daty biograficzne (NP)
- (1944- ).
-
|
|
700 -Hasło dodatkowe - nazwa osobowa [1, ]
|
-
- a
- Nazwa osobowa (NP)
- Gliński, Piotr
-
- d
- Daty biograficzne (NP)
- (1954- ).
-
|
|
700 -Hasło dodatkowe - nazwa osobowa [1, ]
|
-
- a
- Nazwa osobowa (NP)
- Gróbarczyk, Marek
-
- d
- Daty biograficzne (NP)
- (1968- ).
-
|
|
700 -Hasło dodatkowe - nazwa osobowa [1, ]
|
-
- a
- Nazwa osobowa (NP)
- Jaworski, Andrzej
-
- d
- Daty biograficzne (NP)
- (1970- ).
-
|
|
700 -Hasło dodatkowe - nazwa osobowa [1, ]
|
-
- a
- Nazwa osobowa (NP)
- Kawecki, Janusz
-
- d
- Daty biograficzne (NP)
- (1943- ).
-
|
|
700 -Hasło dodatkowe - nazwa osobowa [1, ]
|
-
- a
- Nazwa osobowa (NP)
- Kłosiński, Jerzy
-
- d
- Daty biograficzne (NP)
- (1953- ).
-
|
|
700 -Hasło dodatkowe - nazwa osobowa [1, ]
|
-
- a
- Nazwa osobowa (NP)
- Kwaśniak, Grzegorz.
-
|
|
700 -Hasło dodatkowe - nazwa osobowa [1, ]
|
-
- a
- Nazwa osobowa (NP)
- Macierewicz, Antoni
-
- d
- Daty biograficzne (NP)
- (1948- ).
-
|
|
700 -Hasło dodatkowe - nazwa osobowa [1, ]
|
-
- a
- Nazwa osobowa (NP)
- Masłoń, Krzysztof
-
- d
- Daty biograficzne (NP)
- (1953- ).
-
|
|
700 -Hasło dodatkowe - nazwa osobowa [1, ]
|
-
- a
- Nazwa osobowa (NP)
- Naimski, Piotr Aleksander
-
- d
- Daty biograficzne (NP)
- (1951- ).
-
|
|
700 -Hasło dodatkowe - nazwa osobowa [1, ]
|
-
- a
- Nazwa osobowa (NP)
- Nowak, Andrzej
-
- d
- Daty biograficzne (NP)
- (1960- ).
-
|
|
700 -Hasło dodatkowe - nazwa osobowa [1, ]
|
-
- a
- Nazwa osobowa (NP)
- Oko, Dariusz
-
- d
- Daty biograficzne (NP)
- (1960- ).
-
|
|
700 -Hasło dodatkowe - nazwa osobowa [1, ]
|
-
- a
- Nazwa osobowa (NP)
- Reszczyński, Wojciech
-
- d
- Daty biograficzne (NP)
- (1953- ).
-
|
|
700 -Hasło dodatkowe - nazwa osobowa [1, ]
|
-
- a
- Nazwa osobowa (NP)
- Sitarz, Marek
-
- d
- Daty biograficzne (NP)
- (1954- ).
-
|
|
700 -Hasło dodatkowe - nazwa osobowa [1, ]
|
-
- a
- Nazwa osobowa (NP)
- Sosnowski, Leszek
-
- d
- Daty biograficzne (NP)
- (1948- ).
-
|
|
700 -Hasło dodatkowe - nazwa osobowa [1, ]
|
-
- a
- Nazwa osobowa (NP)
- Stankiewicz-Podhorecka, Temida.
-
|
|
700 -Hasło dodatkowe - nazwa osobowa [1, ]
|
-
- a
- Nazwa osobowa (NP)
- Szczerski, Krzysztof
-
- d
- Daty biograficzne (NP)
- (1973- ).
-
|
|
700 -Hasło dodatkowe - nazwa osobowa [1, ]
|
-
- a
- Nazwa osobowa (NP)
- Szewczak, Janusz
-
- d
- Daty biograficzne (NP)
- (1953- ).
-
|
|
700 -Hasło dodatkowe - nazwa osobowa [1, ]
|
-
- a
- Nazwa osobowa (NP)
- Szyszko, Jan
-
- d
- Daty biograficzne (NP)
- (1944-2019).
-
|
|
700 -Hasło dodatkowe - nazwa osobowa [1, ]
|
-
- a
- Nazwa osobowa (NP)
- Śliwiński, Artur
-
- d
- Daty biograficzne (NP)
- (1942- ).
-
|
|
710 -Hasło dodatkowe - nazwa ciała zbiorowego [2, ]
|
-
- a
- Nazwa ciała zbiorowego lub nazwa geograficzna jako pierwszy element (NP)
- Biały Kruk.
-
-
|